A student's guide to Fourier Transformation. (Record no. 5405)

MARC details
000 -LEADER
fixed length control field 00599nam a22002057a 4500
003 - CONTROL NUMBER IDENTIFIER
control field OSt
005 - DATE AND TIME OF LATEST TRANSACTION
control field 20161117150702.0
008 - FIXED-LENGTH DATA ELEMENTS--GENERAL INFORMATION
fixed length control field 161117b xxu||||| |||| 00| 0 eng d
020 ## - INTERNATIONAL STANDARD BOOK NUMBER
International Standard Book Number 0521004284
040 ## - CATALOGING SOURCE
Transcribing agency DDc.
082 ## - DEWEY DECIMAL CLASSIFICATION NUMBER
Classification number 515.723JAM 2005;
100 ## - MAIN ENTRY--PERSONAL NAME
Personal name James,J.F;
9 (RLIN) 11304
245 ## - TITLE STATEMENT
Title A student's guide to Fourier Transformation.
Remainder of title With applications in physics and engeneering.
250 ## - EDITION STATEMENT
Edition statement 2nd ed,
260 ## - PUBLICATION, DISTRIBUTION, ETC. (IMPRINT)
Place of publication, distribution, etc. Cambridge;Cambridge University Press,2005;
300 ## - PHYSICAL DESCRIPTION
Extent ix,135p;Ill:24cm,
504 ## - BIBLIOGRAPHY, ETC. NOTE
Bibliography, etc Includes bibliography and index.
650 ## - SUBJECT ADDED ENTRY--TOPICAL TERM
Topical term or geographic name as entry element Physics.
9 (RLIN) 809
942 ## - ADDED ENTRY ELEMENTS (KOHA)
Source of classification or shelving scheme Dewey Decimal Classification
Koha item type Open Shelf
Holdings
Withdrawn status Lost status Source of classification or shelving scheme Damaged status Not for loan Home library Current library Date acquired Source of acquisition Inventory number Total Checkouts Full call number Barcode Date last seen Koha item type Price effective from
    Dewey Decimal Classification     MUST Main Library MUST Main Library 17/11/2016   07/28494   515.723JAM 2005; 2016-4948 17/11/2016 Open Shelf  
    Dewey Decimal Classification     MUST Main Library MUST Main Library 17/11/2016   05/24879   515.723JAM 2005; 2016-4949 17/11/2016 Open Shelf  
    Other/Generic Classification Scheme     MUST Main Library MUST Main Library 11/06/2024   07/28495   515.723JAM 2005; 2024-20298 11/06/2024 Open Shelf 11/06/2024